LEADER 01043nam a2200277 i 4500 001 991003370809707536 005 20021212150646.0 008 021030s|||| ||| ||| | ||| 020 $a8846408128 035 $ab1179768x-39ule_inst 035 $aLE02378651$9ExL 040 $aDip.to Studi Storici$bita 082 0 $a350.60945 100 1 $aSoresina, Marco$0135413 245 10$aColletti bianchi :$bricerche su impiegati funzionari e tecnici in Italia fra '800 e '900 /$ca cura di Marco Soresina 260 $aMilano :$bF. Angeli,$cc1998 300 $a358 p. ;$c22 cm. 440 3$aLa società moderna e contemporanea analisi e contributi ;$v59 650 4$aImpiegati pubblici$zItalia$y1870-1930 700 1 $aTreves, Anna 907 $a.b1179768x$b02-04-14$c12-12-02 912 $a991003370809707536 945 $aLE023 350.6 SOR 1 1$g1$i2023000055724$lle023$o-$pE0.00$q-$rl$s- $t0$u2$v0$w2$x0$y.i12045640$z12-12-02 996 $aColletti bianchi$9908285 997 $aUNISALENTO 998 $ale023$b01-01-02$cm$da $e-$feng$gxx $h0$i1 LEADER 00628nam2 22002291i 450 001 RML0274184 005 20231121125726.0 100 $a20121121f ||||0itac50 ba 101 | $alat 102 $abe 181 1$6z01$ai $bxxxe 182 1$6z01$an 200 1 $a˜3: œOpera polemica 461 1$1001RML0274117$12001 $aS. Hieronymi presbyteri opera 463 1$1001RML0274185$12001 $a˜1: œContra Rufinum$fedidit P.Lardet 700 0$aHieronymus$c $3RMLV169663$0187193 801 3$aIT$bIT-01$c20121121 912 $aRML0274184 967 $m1 977 $a 52 996 $aOpera polemica$9901991 997 $aUNICAS